| 000 | 00476cam a2200193 4500 | ||
|---|---|---|---|
| 001 | D3711 | ||
| 008 | 090401t1974 xxu||||| |||| 00| 0 eng d | ||
| 035 | _a(Sirsi) u74550 | ||
| 041 | _aeng | ||
| 050 | _a692.3 | ||
| 100 | _aFerry, D.J.O. | ||
| 245 | _aExpression of finality of design | ||
| 260 |
_aLondon _bStandard Method of Measurement Developme _c1974 |
||
| 300 | _a4 leaves. 30cm | ||
| 350 | _a0 | ||
| 520 | _aFiled at SMMDU/1 | ||
| 942 | _n0 | ||
| 948 | _c04/03/1997 | ||
| 999 |
_c95880 _d95880 |
||